Постановление ГКО СССР № 4193 сс об обеспечении действующей Красной армии телеграфной проволокой, крючьями и изоляторами

RUSMARC
00004942cbm0a2200313#x 450
001957ad15c-4db5-4395-8562-5d4655273596
00520250602101915.0
100##$a20250526j19430924k###0rusy50 ca
1010#$arus
102##$aRU
105##$ay###z########
1220#$ad19430924##
2001#$aПостановление ГКО СССР № 4193 сс об обеспечении действующей Красной армии телеграфной проволокой, крючьями и изоляторами
$j24 сентября 1943 г.
251##$cДокумент
300##$aРассылочный и подлинный экземпляры
461#0$12001
$aФ. 644
$1251
$cФонд
$1852
$j644
462#0$12001
$aОп. 1
$1251
$cОпись
$1852
$j1
60101$2nlr_sh
$3RU\NLR\AUTH\661357733
$aСССР
$bГосударственный Комитет Обороны
$xИстория
$jДокументы и материалы
60102$2nlr_sh
$3RU\NLR\AUTH\6601746794
$aРабоче-Крестьянская Красная армия
$c1918 - 1946
$xМатериально-техническое снабжение
$z1941 - 1945
$jДокументы и материалы
605##$2prlib_sh
$3LIBNET\UAF\0000088514
$aВторая мировая война в архивных документах (Комплекс оцифрованных архивных документов, кино- и фотоматериалов)
$lколлекция
605##$2acquisition_Prlib
$3DITM\AF\0000002775
$aВласть
$lколлекция
6061#$2nlr_sh
$3RU\NLR\AUTH\661280795
$aВеликая Отечественная война
$z1941 - 1945
$xТыл(воен.)
$jДокументы и материалы
686##$a63.3(2)622,12ю1
$2rubbk
$vLBC/M
686##$a68.724-1(2)ю1
$2rubbk
$vLBC/M
801#0$aRU
$bПБ им. Б.Н. Ельцина
$c20250526
801#1$aRU
$bПБ им. Б.Н. Ельцина
$c20250526
$2rusmarc
801#2$aRU
$bПБ им. Б.Н. Ельцина
$c20250602
$2rusmarc
850##$aРоссийский государственный архив социально-политической истории
852##$aРГАСПИ
$jД. 153. Л. 50-50об.; Оп. 2. Д. 216. Л. 97-97об.
035##$aLIBNET\0001475808
937##$d196754843
$hФедеральное архивное агентство
8564#$uhttp://readingroom.main.prlib.ru/item.aspx?id_node=n196754843&mode=full
Формат отображения